000 00716nam a2200277Ia 4500
003 OSt
005 20221006160649.0
006 a|||||r|||| 00| 0
007 ta
008 221006b |||||||| |||| 00| 0 kor d
020 _a8809154149588
024 _a45,973
037 _bGift, KCC (Window on Korea)
_cAudio
040 _aEASL
_cEASL
_bkor
041 _2kor
_akor
082 _aCD00380-381
100 _aHeo Jinho
_9674533
245 0 _aPaweol Christmas
260 _c2014
300 _ap.
_ccm.
490 _v V.1 KCD
650 _aCD
700 _a O Seongok
_9674534
942 _hCD00380-381
_cAUD
_2CC
999 _c1114065
_d1114065